Biomass as energy source : resources, systems and applications.

Bibliographic Details
Other Authors: Dahlquist,
Format: Book
Published: Leiden, The Natherlands: CRC Press/ Balkema, 2013.
Series:Sustainable energy developments
Subjects:
LEADER 00542cam a2200169 7i4500
001 0000029874
005 20131202090000.0
020 0 0 |a 9780415620871  
090 0 0 |a P 662.88   |b BIO 
245 0 0 |a Biomass as energy source :   |b resources, systems and applications. 
260 0 0 |a Leiden, The Natherlands:   |b CRC Press/ Balkema,   |c 2013. 
300 # # |a 272 p. 
440 0 0 |a Sustainable energy developments 
650 0 0 |a Biomass energy  
650 0 0 |a Environmental science  
700 1 0 |a Dahlquist,   |h Erik  
999 |a B000033146  |b Book  |c Products  |e Business Information Centre